01489nam a22002417a 450000500170000000800410001704000250005804100080008304400070009109000160009810000440011424500640015824600420022226001390026430000260040350001700042952002880059965000500088794200150093799900150095295201540096795201260112120150204121220.0131119b2009 ck ||||| |||| 00| 0 spa d aCO-BoIAVHcCO-BoIAVH aspa ack aIAVHb01544 aMachado Hernandez- Eliana Marcela92828 aExposicion aves rapaces diurnas de Colombia bInforme final aGuía ilustrada de aves de Mamapacha aGaragoabInstituto de Investigación de Recursos Biológicos Alexander von HumboldtbCorporacion Autonoma Regional de Chivor c2009 a27 p.bilc27 cm.ecd aInforme técnico convenio interadministrativo 08-438 suscrito entre la Corpochivor y Instituto de Investigación de Recursos Biológicos Alexander von Humboldt.  aSensibilizar al publico en general sobre la importación biológica y cultural de las aves rapaces y su conservación, al tiempo que se familiariza a la comunidad en general con las especies de rapaces diurnas que hacen parte de la biodiversidad en la jurisdiccion de Corpochivor. aAves rapaces diurnaszGaragoa (Boyaca)932607 2zcINFORME c7871d7871 00102z40708HUMBOLDTaBogotabBogotad2013-11-19l0oIAVH-01544p059333r2024-08-09 00:00:00tEj. 1w2013-11-19xDepósito InstitucionalyINFORME 00102z40708MEDIOSMaBogotabBogotad2013-11-21l0oIAVH-01544p038502r2013-11-21 00:00:00tEj. 2w2013-11-21yCD-ROM